| 000 | 00903nmc a2200313 a 4500 | ||
|---|---|---|---|
| 003 | AR-BaBNM | ||
| 005 | 20251128211716.0 | ||
| 008 | 275120s2005 ||||||||||||||000 | spa|| | ||
| 020 | _a978-84-7112-497-5 | ||
| 040 | _cAR-BaBNM | ||
| 100 | 1 | _aGee, James Paul | |
| 245 | 1 | 0 |
_aLa ideología en los discursos _blingüística social y alfabetizaciones |
| 260 |
_aMadrid _bEdiciones Morata _c2005 |
||
| 300 | 0 | _a231 p. | |
| 490 | 0 |
_aEducación crítica _vv. t [21] |
|
| 500 | 0 | _aContiene índice de autores y materias | |
| 504 | _aContiene referencias bibliográficas p. 204-219 | ||
| 600 | 0 | 4 | _aPlatón |
| 600 | 1 | 4 | _aFreire, Paulo |
| 650 | 4 | _aALFABETIZACION | |
| 650 | 4 | _aIDEOLOGIAS | |
| 650 | 4 | _aSOCIOLINGUISTICA | |
| 650 | 4 | _aMODELOS CULTURALES | |
| 650 | 4 | _aPEDAGOGIA | |
| 653 | 0 | _aANALISIS DEL DISCURSO | |
| 800 | 1 | _aTorres Santomé, Jurjo | |
| 942 | _cBK | ||
| 998 | _cme-solo cat | ||
| 999 |
_c20805 _d20805 |
||